00292nam a22000857a 4500082002000000100004600020245008500066260004500151300001000196 aTNC K78x95 D969 aDwivedi, O.P. and Nelson E. Paulias (ed.) aPublic service of Papua New GuineacEdited by O.P. Dwivedi and Nelson E. Paulias aNew GuineabAdministrative collegec1986 a372p.